Anteproyecto : Sistema constructivo prefabricado aligerado para viviendas de interés social (SICPA)
Aborda un sistema constructivo aligerado que sea compatible con los sistemas constructivos nacionales e importados y modularlos en vivienda de interés social como una alternativa para la solución al problema habitacional. Incluye la utilización del árido de pómez como concreto ligero/nueva alte...
| Main Author: | |
|---|---|
| Other Authors: | |
| Format: | Tesis Section = Libro |
| Language: | Undetermined Spanish |
| Published: |
Managua
UNI
1999
|
| Subjects: |
| LEADER | 01319nam a2200229Ia 4500 | ||
|---|---|---|---|
| 008 | 240830s9999 xx 000 0 und d | ||
| 040 | |a BIBLIOTECA-RUSB/ Mon 728.1 G984 | ||
| 041 | |a spa | ||
| 082 | |a Mon 728.1 G984 | ||
| 100 | 1 | |a Gutiérrez Benavides, Carolina | |
| 245 | 1 | 0 | |a Anteproyecto : Sistema constructivo prefabricado aligerado para viviendas de interés social (SICPA) |
| 260 | |a Managua |b UNI |c 1999 | ||
| 300 | |a p. irreg. :il. | ||
| 500 | |a Contiene: anexos. | ||
| 502 | |a Tesis (Arquitecto) - UNI, 1999. | ||
| 520 | 3 | |a Aborda un sistema constructivo aligerado que sea compatible con los sistemas constructivos nacionales e importados y modularlos en vivienda de interés social como una alternativa para la solución al problema habitacional. Incluye la utilización del árido de pómez como concreto ligero/nueva alternativa para la construcción, Criterios de estandarización modular, Especificaciones técnicas de etapas de proceso de producción, Aplicaciones y demostración de coordinación modulas y estandarización de elementos estructurales propuestos en viviendas de interés nacional. | |
| 650 | 7 | |a VIVIENDAS ECONOMICAS | |
| 650 | 7 | |b construcción ARQUITECTONICA - PIEDRAS POMESZ | |
| 700 | 1 | |a Tutor: |b Rosales Rivera, Benjamin | |
| 942 | |c BK |2 ddc | ||
| 991 | |a TESIS | ||
| 999 | |c 21457 | ||